| 000 | 01113nam a2200277Ia 4500 | ||
|---|---|---|---|
| 001 | 18615 | ||
| 003 | GE_BSU | ||
| 008 | 181216s||||||||xx |||||||||||||| ||und|| | ||
| 020 | _a9992843578 | ||
| 040 | _cGE_BSU | ||
| 080 | _a371(075.8) | ||
| 100 | _aბასილაძე, ნოდარ | ||
| 245 | _aლექციების კურსი პედაგოგიკაში | ||
| 245 | _bპედაგოგიკის ზოგადი საფუძვლები და აღზრდის თეორია | ||
| 245 | _cრედ. იური ბიბილეიშვილი | ||
| 260 | _aთბილისი | ||
| 260 | _bალიონი | ||
| 260 | _c2006 | ||
| 300 | _a355გვ.22სმ. | ||
| 541 | _h10ლ.65თ. | ||
| 653 | _aლექციების კურსი პედაგოგიკაში | ||
| 653 | _aპედაგოგიკა | ||
| 653 | _aპედაგოგიკის ზოგადი საფუძვლები და აღზრდის თეორია | ||
| 653 | _aქსეროქსი | ||
| 942 | _cBK | ||
| 999 |
_c51624 _d51624 |
||